000 00332nam a22001457a 4500
008 210521b ||||| |||| 00| 0 eng d
020 _a9780632048045
041 _aeng
080 _a316
082 _a316
100 _a50
101 _aSOC
245 _aThe Challenge of Sexuality in Health Care
_cHazel Heath
942 _2udc
_cBK
999 _c57599
_d57599